A ChatGPT használata az online marketingben

Bibliographic Details
Main Author: Ságodi Orsolya
Other Authors: Molnár Dr. Zsolt
Format: Thesis
Kulcsszavak:chatgpt
fogékonyság
generatív AI
kreatív szövegírás
mesterséges intelligencia
online marketing
Vásárlási hajlandóság
Online Access:http://dolgozattar.uni-bge.hu/59866

MARC

LEADER 00000nta a2200000 i 4500
001 dolg59866
005 20260409145654.0
008 260409suuuu hu om 000 hun d
040 |a BGE Dolgozattár Repozitórium  |b hun 
041 |a hu 
100 1 |a Ságodi Orsolya 
245 1 2 |a A ChatGPT használata az online marketingben  |c Ságodi Orsolya  |h [elektronikus dokumentum] 
520 3 |a Az utóbbi időben szinte napról napra újabb és újabb technológia újításokról hallhatunk vagy olvashatunk az interneten. Manapság az átlagember a hétköznapok során egyre többször találkozhat az alkalmazott MI technológiával.Ezzel párhuzamosan a szakemberek elé is egyre több olyan szoftver tárul, ami jelentős feladatmennyiséget tud pár percnyi munkára redukálni.A MI és a generatív modellek rendkívüli hatékonyságot biztosítanak a marketing területén, ugyanakkor a fogyasztói bizalom hiánya, az adatbiztonsági aggályok és a szakértelem hiánya továbbra is akadályokat gördítenek a teljes körű bevezetés elé.A kutatás célja az volt, hogy feltárja, hogy az éppen fejlődőben levő, még viszonylag újnak és feltérképezetlennek számító MI szövegíró technológia marketingcélokra való alkalmazása milyen hatással van a fogyasztók vásárlási hajlandóságára, illetve, hogy milyen módon fogja megváltoztatni az online marketing szakmát a jövőben. 
695 |a chatgpt 
695 |a fogékonyság 
695 |a generatív AI 
695 |a kreatív szövegírás 
695 |a mesterséges intelligencia 
695 |a online marketing 
695 |a Vásárlási hajlandóság 
700 1 |a Molnár Dr. Zsolt  |e ths 
856 4 0 |u http://dolgozattar.uni-bge.hu/59866/1/A%20ChatGPT%20haszn%C3%A1lata%20az%20online%20marketingben.pdf  |z Dokumentum-elérés 
856 4 0 |u http://dolgozattar.uni-bge.hu/59866/2/Sagodi_Orsolya_BA%20KM%20magyar_Molnar.pdf  |z Dokumentum-elérés 
856 4 0 |u http://dolgozattar.uni-bge.hu/59866/3/BA%20KM%20magyar%20bi%CC%81ra%CC%81lati%20lap%20KU%CC%88LSO%CC%8B_%20Sa%CC%81godi%20Orsolya.pdf  |z Dokumentum-elérés